000 01675nad a2200445 a 4500
001 MIU01000000000000005975349
003 MiU
005 20231010140959.0
007 cr mnummmmuuuu
008 880718s1981 nju sb 001 0 eng d
010 _z80007523
020 _z0691072574
020 _z0691100993
024 7 _a2027/heb00889
_2hdl
040 _aMiU
_cMiU
041 1 _aeng
_hger
090 _aBP161
_b(INTERNET)
100 1 _aGoldziher, Ignác,
_d1850-1921.
_933524
240 1 0 _aVorlesungen über den Islam.
245 1 0 _aIntroduction to Islamic theology and law
_h[electronic resource] /
_cby Ignaz Goldziher ; translated by Andras and Ruth Hamori ; with an introduction and additional notes by Bernard Lewis.
300 _axv, 302 p. ;
_c25 cm.
490 1 _aModern classics in Near Eastern studies
500 _aTranslation of Vorlesungen über den Islam.
504 _aIncludes bibliography (p. 269-295) and index.
700 1 _aHamori, Andras,
_d1940-
_933525
700 1 _aHamori, Ruth.
_933526
700 1 _aLewis, Bernard,
_d1916-
_933527
830 0 _aModern classics in Near Eastern studies.
_933528
830 0 _aACLS Humanities E-Book.
_933529
856 4 0 _zVolltext
_uhttps://hdl.handle.net/2027/heb00889
942 _cEB
500 _aE-Book-ACLS / Zugriff nur im DHI-Lesesaal
653 _aIslamic law.
653 _aIslam.
336 _2rdacontent
_btxt
_aText
337 _2rdamedia
_bbc
_aComputermedien
338 _2rdacarrier
_bcr
_aOnline Ressource
264 _aPrinceton, N.J. :
_bPrinceton University Press,
_cc1981.
500 _aAmerican Council of Learned Societies/ https://www.humanitiesebook.org/about/
999 _c64520
_d64520